|
|
|
|
| LEADER |
00000cam a2200000 7i4500 |
| 001 |
0000012487 |
| 005 |
20080114.0 |
| 008 |
080114 |
| 090 |
0 |
0 |
|a 297.216
|b GOD
|
| 245 |
1 |
0 |
|a Godaan syaitan
|c Susunan M.H. Ikhlas
|
| 260 |
|
|
|a Kuala Lumpur :
|b Mohasbi Enterprise ,
|c 1999
|
| 650 |
|
0 |
|a Devil
|x Islam
|
| 700 |
0 |
|
|a M.H. Ikhlas
|
| 710 |
0 |
|
|a Title
|
| 999 |
|
|
|a 0001008741
|b Book
|c Adult Collection
|e Perbadanan Perpustakaan Awam Johor
|
| 999 |
|
|
|a 0001008742
|b Book
|c Adult Collection
|e Perbadanan Perpustakaan Awam Johor
|
| 999 |
|
|
|a 0001008743
|b Book
|c Adult Collection
|e Perbadanan Perpustakaan Awam Johor
|